000 00825nam a22002171i 4500
001 179611
003 ES-MaACL
005 20250730024616.0
008 111226s1917 sp |||| | spa d
100 1 _aUbeda y Correal, Jose.
_9111834
245 1 0 _aReglamentación higiénica de las industrias insalubres /
_cpor José Ubeda y Correal.
260 _aMadrid :
_bSociedad Española de Higiene,
_c1917.
300 _a54 p. ;
_c21 cm.
490 1 _aLegado Roel : Colección de Memorias premiadas ;
_v20
500 _aConcurso de 1916-1917.
650 0 7 _aHigiene industrial
_2embne
_913353
710 2 _aSociedad Española de Higiene.
_96725
830 0 0 _aLegado Roel: Colección de memorias premiadas
_v20
_9183286
852 _aES-MaACL
_jC-8171(15)
_z.- Encuadernado con otras obras
999 _c179611
_d179611